Historia sociolingüística de México. Volumen 4, La diversidad de las situaciones sociolingüísticas /

Bibliographic Details
Other Authors: Barriga Villanueva, Rebeca (Editor), Martín Butragueño, Pedro (Editor)
Format: Electronic eBook
Language:Spanish
English
Published: Ciudad de México : El Colegio de México, [2023]
Edition:Primera edición electrónica.
Subjects:
Online Access:Digitalia Hispánica

MARC

LEADER 00000nam a2200000 i 4500
001 DIGCOLMX0525
003 NyNyDIG
006 m o d
007 cr |||||||||||
008 231209t20232021mx ab ob 001 0 spa d
035 |a (OCoLC)1414667451 
040 |a DGITA  |b eng  |e rda  |e pn  |c DGITA 
020 |a 9786075645230  |q (electrónico) 
020 |z 9786075642048  |q (volumen 4) 
041 0 |a spa  |a eng 
043 |a n-mx--- 
050 1 4 |a P40.45.M6 ebook 
245 0 0 |a Historia sociolingüística de México.  |n Volumen 4,  |p La diversidad de las situaciones sociolingüísticas /  |c directores, Rebeca Barriga Villanueva, Pedro Martín Butragueño. 
246 3 0 |a La diversidad de las situaciones sociolingüísticas  
250 |a Primera edición electrónica. 
264 1 |a Ciudad de México :  |b El Colegio de México,  |c [2023] 
264 4 |c ©2021 
300 |a 1 online resource :  |b illustrations, maps. 
336 |a text  |b txt  |2 rdacontent 
337 |a computer file  |b c  |2 rdamedia 
338 |a online resource  |b cr  |2 rdacarrier 
347 |a text file  |2 rdaft 
347 |b EPUB 
504 |a Includes bibliographical references and Index. 
546 |a Text in Spanish with English quotes in some chapters.  
588 0 |a Online resource; title from ePub title page (Digitalia, viewed December 9, 2023) 
650 0 |a Sociolinguistics  |z Mexico. 
650 0 |a Indians of Mexico  |x Languages. 
700 1 |a Barriga Villanueva, Rebeca,  |e editor. 
700 1 |a Martín Butragueño, Pedro,  |e editor. 
776 0 8 |i Print version:  |t Historia sociolingüística de México.  |b Primera edición impresa.  |d Ciudad de México : El Colegio de México, [2021]  |z 9786075642048 
791 2 |a Digitalia (Firm),  |e distributor. 
793 0 |g Digitalia eBook Collection:  |a El Colegio de México 
856 4 0 |3 Digitalia Hispánica  |u https://www.digitaliapublishing.com/a/131894/ 
910 |a Premium collection: 2023